Score 0/24 Timer 03:00
1 Play Today
Clue 4-Letter Word % Correct
Communicate using speechTALK
98.8%
Journey by foot⊚ WALK ⊚
98.4%
Heavily armored military vehicleTANK
97.8%
Darkens skin via the SunTANS
90.3%
A greater quantity of⊚ MORE ⊚
87.7%
Room for a college studentDORM
87.4%
Opposite of 'out of'⊚ INTO ⊚
86.8%
Stallion's mateMARE
85.6%
Buzz and Woody's ownerANDY
84.6%
Produced or created an objectMADE
84.2%
German auto makerAUDI
84%
Green gemstone oft used in ChinaJADE
83%
Clue 4-Letter Word % Correct
Used an article of clothingWORE
82.5%
Portal granting entry or exit⊚ DOOR ⊚
80.5%
Malicious replicating computer programWORM
79.7%
Actors McKellen and McShaneIANS
79.2%
Oscar winner DenchJUDI
78.6%
Mountain of Frodo's destinationDOOM
78.5%
Nickname for Dr. JonesINDY
77%
Prefix pertaining to IndiaINDO
75.2%
Including yourself (2 words)AND I
75.1%
Hardy's Obscure protagonistJUDE
71.8%
Middle Earth's The Prancing Pony et al.INNS
64.8%
Stats for purloined football passesINTS
64.6%

Today's Daily Dose

Remove Ads.
Support Sporcle.
Get the best of Sporcle when you Go Orange. This ad-free experience offers more features, more stats, and more fun while also helping to support Sporcle. Thank you for becoming a member.

You're not logged in!

Compare scores with friends on all Sporcle quizzes.
OR
Log In

Show Comments

Extras

Top Quizzes Today


Score Distribution

Your Account Isn't Verified!

In order to create a playlist on Sporcle, you need to verify the email address you used during registration. Go to your Sporcle Settings to finish the process.

Report this User

Report this user for behavior that violates our Community Guidelines.

Details: